| 000 | 02069cam a22004814i 4500 | ||
|---|---|---|---|
| 003 | PE-LiUPU | ||
| 005 | 20250731165410.0 | ||
| 008 | 151020s1999 pe grm 000 0 spa d | ||
| 035 | _a(Sirsi) a154994 | ||
| 040 |
_aPE-LiUPU _bspa _cPE-LiUPU _erda |
||
| 099 |
_aTEF 2 _bG63 1999 |
||
| 100 | 1 |
_aGodoy Rivas, Eleana Beatríz _eautor |
|
| 245 | 1 |
_aPercepción del enfermero y el usuario respecto a la atención del paciente en el marco de la reforma de modernización de la seguridad social en la Clínica de Angamos de Essalud en el periodo Abril-1999 / _cEleana Beatriz Godoy Rivas. |
|
| 264 | 0 | _c1999. | |
| 300 |
_a111 hojas _c30 cm |
||
| 336 |
_atext _2rdacontent |
||
| 337 |
_aunmediated _2rdamedia |
||
| 338 |
_avolume _2rdacarrier |
||
| 502 |
_aTesis _b(Lic.) -- _cUniversidad Peruana Unión, _d1999. |
||
| 504 | _aIncluye referencias | ||
| 520 | 3 | _aEl objetivo de nuestro estudio es describir la percepción del enfermero y del usuario respecto a la atención del paciente de la clínica Angamos EsSalud en el marco de los cambios que se están operando en el interior de la seguridad social en su paso de IPSS a EsSalud. Para la ejecución de esta investigación se ha empleado el método descriptivo transversal como el camino que permitió conocer la percepción del enfermero y del usuario respecto a la atención del paciente. | |
| 526 | _aSEG44 | ||
| 526 | _aSEG26 | ||
| 526 | _aP151 | ||
| 526 | _aP150 | ||
| 526 | _aP149 | ||
| 526 | _aP146 | ||
| 526 | _aP145 | ||
| 526 | _aP126 | ||
| 526 | _aP125 | ||
| 526 | _aP92 | ||
| 526 | _aP75 | ||
| 526 | _aP74 | ||
| 526 | _aP27 | ||
| 526 | _aP15 | ||
| 650 | 0 | 4 |
_aServicios de salud _xEnfermeras y pacientes. |
| 650 | 0 | 4 |
_aCentros de salud _xSeguridad social. |
| 650 | 0 | 4 |
_aEnfermeras y pacientes _xSeguridad social. |
| 700 | 1 |
_aVicente Muñante, Eva Clara Elisa _eautor |
|
| 596 | _a1 | ||
| 942 |
_2ddc _cTESIS |
||
| 999 |
_aTEF 2 G63 1999 _wALPHANUM _c7685 _iT00310 _d7685 _lCCODEBUL3 _mBUL _q1 _r1 _sY _tTESIS _u2015-10-20 _xSALUD _PP22 _o.STAFF. Tesis |
||
| 980 |
_81 _gALBERTO SANCHEZ Responsable de Automatización |
||